|
|
|
|
| LEADER |
00691cam a2200205 a 4500 |
| 003 |
OSt |
| 008 |
111013s2012 nyua b 001 0 eng |
| 020 |
|
|
|a 9781107011748
|
| 020 |
|
|
|a 1107011744
|
| 080 |
|
|
|a 519.83
|b STI
|
| 100 |
1 |
|
|a Stirling, Wynn C.
|9 11496
|
| 245 |
1 |
0 |
|a Theory of conditional games /
|c Wynn C. Stirling.
|
| 260 |
|
|
|a New York :
|b Cambridge University Press,
|c 2012.
|
| 300 |
|
|
|a xiii, 236 p. :
|b ill. ;
|
| 650 |
|
0 |
|a Decision making.
|
| 650 |
|
0 |
|a Games of strategy (Mathematics)
|9 11497
|
| 700 |
|
|
|a Stirling, Wynn C.
|9 11498
|
| 942 |
|
|
|c BK
|6 _
|
| 999 |
|
|
|c 222797
|d 222797
|
| 952 |
|
|
|0 0
|1 0
|4 0
|6 51983_STI
|7 0
|9 287846
|a MAT
|b MAT
|d 2012-03-02
|o 519.83 STI
|p MAT08570
|r 2012-03-02
|t 1
|w 2012-03-02
|y BK
|